<?xml version="1.0" encoding="UTF-8"?><collection xmlns="info:lc/xmlns/marcxchange-v2"><record format="Unimarc" type="bibliographic"><leader>00901nam  000022900 450 </leader><controlfield tag="001">2470235</controlfield><controlfield tag="003">http://id.bnportugal.gov.pt/bib/porbase/2470235</controlfield><datafield ind1=" " ind2=" " tag="010"><subfield code="a">978-0195102925</subfield><subfield code="b">brochado</subfield><subfield code="d">compra</subfield></datafield><datafield ind1=" " ind2=" " tag="035"><subfield code="a">unlcsh010.iso/24-05-2012/76538</subfield></datafield><datafield ind1=" " ind2=" " tag="035"><subfield code="a">UNLCSH20120124104641</subfield></datafield><datafield ind1=" " ind2=" " tag="100"><subfield code="a">20120124d1994    k  y0porb0103    ba</subfield></datafield><datafield ind1="0" ind2=" " tag="101"><subfield code="a">eng</subfield></datafield><datafield ind1=" " ind2=" " tag="102"><subfield code="a">US</subfield></datafield><datafield ind1="1" ind2=" " tag="200"><subfield code="a">Science of coercion</subfield><subfield code="e">communication research and psychological warfare, 1945-1960</subfield><subfield code="f">Christopher Simpson</subfield></datafield><datafield ind1=" " ind2=" " tag="210"><subfield code="a">Oxford</subfield><subfield code="c">Oxford University Press</subfield><subfield code="d">cop. 1994</subfield></datafield><datafield ind1=" " ind2=" " tag="215"><subfield code="a">viii, 204 p.</subfield><subfield code="c">il.</subfield><subfield code="d">22 cm</subfield></datafield><datafield ind1=" " ind2=" " tag="300"><subfield code="a">Contém apêndice, ensaio bibliográfico, notas e índice</subfield></datafield><datafield ind1=" " ind2=" " tag="675"><subfield code="a">32.019.5(73)"1945/1960"</subfield><subfield code="v">BN</subfield><subfield code="z">por</subfield></datafield><datafield ind1=" " ind2=" " tag="675"><subfield code="a">316.77(73)"1945/1960"</subfield><subfield code="v">BN</subfield><subfield code="z">por</subfield></datafield><datafield ind1=" " ind2=" " tag="675"><subfield code="a">659.3(73)"1945/1960"</subfield><subfield code="v">BN</subfield><subfield code="z">por</subfield></datafield><datafield ind1=" " ind2="1" tag="700"><subfield code="a">Simpson</subfield><subfield code="b">Christopher</subfield></datafield><datafield ind1=" " ind2="0" tag="801"><subfield code="a">PT</subfield><subfield code="b">UNLCSH</subfield><subfield code="g">RPC</subfield></datafield><datafield ind1=" " ind2=" " tag="965"><subfield code="a">Fernando Clara</subfield><subfield code="b">20120104</subfield><subfield code="c">01_12</subfield><subfield code="d">20120116</subfield><subfield code="f">20120227</subfield><subfield code="g">Transmedia</subfield><subfield code="j">70,00</subfield></datafield></record></collection>